The American journal of psychology

Detalles Bibliográficos
Formato: Electrónico Revista
Lenguaje:inglés
Publicado: Baltimore, Md. : E.C. Sanford, 1887-
Materias:
Acceso en línea:Full text available from Research Library: 07/01/1995 to 12/31/2001

MARC

LEADER 00000nas a2200000 a 4500
001 ssj0000181
003 WaSeSS
005 20200512172242.0
006 m d
007 cr n
008 980209c18879999iluqr pss o 0 a0eng c
010 |a  2005237201 
016 7 |a A24810000  |2 DNLM 
016 7 |a 2065808-4  |2 DE-600 
016 7 |a A24810000 
022 |a 1939-8298  |l 0002-9556  |y 0002-9556 
030 |a AJPCAA 
035 |a (WaSeSS)ssj0000181 
037 |b American Journal of Archaeology, 656 Beacon St. Boston, MA 02215-2006 
040 |a FGA  |b eng  |c FGA  |d OCL  |d OCLCQ  |d EYM  |d HUL  |d FQM  |d BUF  |d NSD  |d OCLCQ  |d OCLCO  |d OCLCQ  |d OCLCF  |d OCLCO  |d VT2  |d OCLCQ  |d OCLCO  |d OCLCQ  |d DEBBG  |d LEATE  |d U3W  |d OCLCO  |d GILDS  |d MST  |d OCLCO  |d MOW  |d OCLCO  |d AU@  |d OCLCO  |d WYU  |d OCLCO  |d OCLCA  |d K6U  |d OCLCO  |d DKU  |d UUM  |d OCLCO  |d OCLCA  |d SFB  |d CNMTR  |d OCLCA  |d WaSeSS 
042 |a pcc  |a nsdp 
050 1 4 |a BF1 
060 0 |a W1 AM517 
082 1 0 |a 150.5  |2 14 
130 0 |a American journal of psychology (Online) 
222 0 |a American journal of psychology  |b (Online) 
245 1 4 |a The American journal of psychology  |h [electronic resource]. 
260 |a Baltimore, Md. :  |b E.C. Sanford,  |c 1887- 
310 |a Quarterly 
362 0 |a Vol. 1, no. 1 (Nov. 1887)- 
500 |a Title from title screen (JSTOR, viewed Aug. 10, 2005). 
500 |a Published: Chicago, Ill. : University of Illinois Press, <2003-> 
506 |a License restrictions may limit access. 
515 |a Vol. 39, no. 1-4, dated Dec. 1927, called: Washburn commemorative volume. 
538 |a Mode of access: World Wide Web. 
588 |a Latest issue consulted: Vol. 120, no. 3 (fall 2007) (Univ. of Illinois Press website, viewed Aug. 10, 2005). 
650 0 |a Psychology  |v Periodicals. 
650 7 |a Psychology.  |2 fast  |0 (OCoLC)fst01081447 
650 2 |a Psychology  |v Periodicals. 
650 2 |a Psychology. 
655 0 |a Electronic journals. 
776 0 8 |i Print version:  |t American journal of psychology  |x 0002-9556  |w (DLC) 05035765  |w (OCoLC)1408768 
856 4 0 |z Full text available from Research Library: 07/01/1995 to 12/31/2001  |u https://search.proquest.com/publication/41758